[Event "Tres Cantos op 10th"]
[Site "Tres Cantos"]
[Date "2018.06.28"]
[Round "8.49"]
[White "Cortijo Manso, Luis"]
[Black "Davies Arroyo, Pablo Akin"]
[Result "0-1"]
[WhiteElo "1490"]
[BlackElo "1357"]
[PlyCount "85"]
[EventDate "2018.06.21"]
[EventType "swiss"]
[EventRounds "9"]
[EventCountry "ESP"]
[SourceTitle "EXT 2024"]
[Source "ChessBase"]
[SourceDate "2023.10.10"]
[SourceVersion "1"]
[SourceVersionDate "2023.10.10"]
[SourceQuality "1"]

1. Nf3 Nf6 2. c4 d5 3. e3 Nc6 4. d4 e6 5. Nc3 Be7 6. Bd3 0-0 7. 0-0 b6 8. a3 a5 9. Qc2 h6 10. e4 dxe4 11. Nxe4 Nxd4 12. Nxf6+ Bxf6 13. Nxd4 Qxd4 14. Rb1 Bb7 15. Be3 Qh4 16. g3 Qg4 17. Qd1 Bf3 18. h3 Bxd1 19. hxg4 Bxg4 20. Be4 Rad8 21. f3 Bf5 22. b4 Bxe4 23. fxe4 Rd3 24. Bf4 e5 25. Bxh6 Rxg3+ 26. Kh2 Rxa3 27. Bc1 Ra4 28. Bd2 Ra2 29. Rfd1 Bg5 30. bxa5 Bxd2 31. axb6 Be3+ 32. Kh1 Bxb6 33. Rd5 Rc2 34. Rxe5 Rxc4 35. Rb3 Rc2 36. Rh5 Rd8 37. Rb1 Be3 38. Rd5 Rxd5 39. exd5 Rc1+ 40. Rxc1 Bxc1 41. Kg2 f5 42. Kf3 g5 43. Kg3 0-1